000 01218nam a2200205Ia 4500
003 Ost
005 20260507075014.0
008 260507s9999||||xx |||||||||||||| ||und||
040 _cfsecg
041 _aara
082 _a658.809
100 _aاليونجي، أبي سعيد
_eمؤلف
245 0 _aمبادئ التسويق الزراعي /
_c أبي سعيد اليونجي
260 _aبغداد:
_bدار حامد للنشروالتوزيع,
_c2001
300 _a276 صفحة؛
_c24 سم
520 _aالمدخل لدراسة التسويق الزراعي-خصائص المنتجات الزراعية والحيوانية-الوظائف المتبادلة-الصناعات الغذائية-المنشآت التسويقية-توزيع الطلب على المنتجات الزراعية-التعبئة والتغليف-الأسعار في القطاع الزراعي-أنشطة التوزيع المادي-الإقراض التسويقي الزراعي-معلومات السوق-السياسات الإلزامية والإختيارية في الإنتاج والتسويق
653 _aالانتاج الزراعي-التسويق
653 _aالصناعة الغذائية
942 _cكتاب
999 _c42188
_d42188